banner koha

Caracterização morfométrica de fêmeas, garanhões e castrados da raça Campolina baseada em índices (Registro n. 329580)

MARC details
000 -LÍDER
fixed length control field 04149nab a2200313 i 4500
003 - CÓDIGO MARC DA AGÊNCIA CATALOGADORA
Campo de controle BR-BrBNA
005 - DATA E HORA DA ÚLTIMA ATUALIZAÇÃO
Campo de controle 20250114134953.0
008 - CAMPO DE TAMANHO FIXO
fixed length control field 250114b2016 bl.|r|pooa||| 00| 0 por |
040 ## - FONTE DA CATALOGAÇÃO
Agência catalogadora BR-BrBNA
Idioma da catalogação por
072 ## - CATEGORIA AGRIS
Código AGRIS L40
Código do objeto 5120
100 ## - ENTRADA PRINCIPAL - NOME PESSOAL
Nome pessoal Lucena, J.E.C.
100 ## - ENTRADA PRINCIPAL - NOME PESSOAL
Nome pessoal Vianna, S.A.B.
100 ## - ENTRADA PRINCIPAL - NOME PESSOAL
Nome pessoal Berbari Neto, F.
100 ## - ENTRADA PRINCIPAL - NOME PESSOAL
Nome pessoal Sales Filho, R.L.M.
100 ## - ENTRADA PRINCIPAL - NOME PESSOAL
Nome pessoal Diniz, W.J.S.
245 ## - TÍTULO PRINCIPAL
Título principal Caracterização morfométrica de fêmeas, garanhões e castrados da raça Campolina baseada em índices
500 ## - NOTA GERAL
Nota geral Publicação online; 21 ref.; 3 tables; Summaries (En, Pt)
942 ## - ADDED ENTRY ELEMENTS (KOHA)
Koha item type Analítica
520 ## - NOTA DE RESUMO
Nota de conteúdo <br/><br/><br/>RESUMO - O presente estudo objetivou avaliar os índices morfométricos para garanhões, machos castrados e fêmeas da raça Campolina, bem como caracterizá-los morfologicamente. Para tanto, foram utilizadas as medidas lineares de 4.840 garanhões, 19.037 fêmeas e 1.371 machos castrados, obtidas no banco de dados do Serviço de Registro Genealógico da ABCCCampolina, com base nas quais nove índices morfométricos foram calculados utilizando-se seis medidas lineares. A análise de variância foi realizada para avaliar o efeito do sexo e da idade sobre os índices obtidos. Verificou-se que ambos os fatores influenciaram os índices morfométricos. Garanhões apresentaram peso calculado aproximado superior tanto às fêmeas quanto aos machos castrados. De acordo com o índice peitoral, todas as categorias foram classificadas como “longe do chão”. Em relação aos valores médios dos índices corporal e dáctilo torácico, garanhões e castrados foram classificados como mediolíneos e eumétricos, respectivamente, enquanto as fêmeas foram classificadas como brevilíneas e hipométricas. Conclui-se que os machos castrados e os garanhões da raça Campolina enquadram-se no padrão da raça para animais tipo sela, mas as fêmeas não. Entretanto, os índices de compacidade 1 e 2 apresentam resultados contraditórios e precisam ser melhor avaliados para fins de uso em classificações. Para a maioria dos índices, os animais castrados apresentaram-se melhor proporcionados que as demais categorias.<br/><br/><br/>Palavras-chave: equinos, índices morfométricos, morfologia, seleção
520 ## - NOTA DE RESUMO
Nota de conteúdo <br/><br/><br/>ABSTRACT - The present study aimed to evaluate the morphometric indexes for Campolina stallions, gelded and mare horses, as well as morphologically characterizing them. For this purpose linear measurements from 4.840 stallions, 19.037 mares and 1371 gelded horses were used, obtained from ABCCCampolina’s stud book database, from which nine morphometric indexes were calculated from six linear measurements. Analysis of variance was carried out to evaluate the effect of sex and age on the indexes obtained. We found that both factors influenced the morphometric index. Stallions have presented higher estimate body weight values than mares and gelded horses. According to the pectoral index values all categories were classified as far from the ground. According to body index and dactyl thoracic index average values, stallions and gelded horses were classified as medium lined and middleweight, respectively, once the mares were classified as more compact and overweight. It is concluded that Campolina stallions and gelded horses fall within the breed standard for saddle animals, but mares don’t. However, the compact indexes 1 and 2 showed contradictory results and need to be better evaluated for its intended use in classifications. For most indexes gelded animals showed better proportion than the other categories.<br/><br/><br/>Keywords: horses, morphometric indexes, morphology, selection
650 ## - ASSUNTO - THESAGRO
Cabeçalho tópico ou nome geográfico CAVALO
650 ## - ASSUNTO - THESAGRO
Cabeçalho tópico ou nome geográfico RAÇA
650 ## - ASSUNTO - THESAGRO
Cabeçalho tópico ou nome geográfico SELEÇÃO
650 ## - ASSUNTO - THESAGRO
Cabeçalho tópico ou nome geográfico MORFOMETRIA
650 ## - ASSUNTO - THESAGRO
Cabeçalho tópico ou nome geográfico MORFOLOGIA ANIMAL
773 0# - ENTRADA ANALÍTICA
Host Biblionumber 1643
Registro do item 347390
Imprenta Belo Horizonte-MG Universidade Federal de Minas Gerais - Escola de Veterinaria 1983
Outro identificador 2024-8403
Título Arquivo Brasileiro de Medicina Veterinária e Zootecnia (Brazil)
ISSN 0102-0935
Colação v. 68(2) p. 431-438; (2016)
Número de controle de registro BR2024004418
856 ## - ACESSO E ENDEREÇO ELETRÔNICO
Identificador uniforme de recurso - URI https://www.scielo.br/j/abmvz/a/xRRzd6R7kfVPN6PYkPH9GJD/?format=pdf&lang=pt

Nenhum exemplar disponível.

BINAGRI

Telefone: (61)3218-2567/2388/3357/2097 - binagri@agro.gov.br

Ministério da Agricultura e Pecuária , Esplanada dos Ministérios, Bloco D, Anexo B, Brasília/DF, CEP: 70.043-900